Site Recorder (Record no. 118658)

MARC details
000 -LEADER
fixed length control field 00590cas a22002295a 4500
001 - CONTROL NUMBER
control field L61
008 - FIXED-LENGTH DATA ELEMENTS--GENERAL INFORMATION
fixed length control field 070614c2003 xxkmr p 0 a0eng
022 1# - INTERNATIONAL STANDARD SERIAL NUMBER
International Standard Serial Number 1741-3761
035 ## - SYSTEM CONTROL NUMBER
System control number (Sirsi) u99108
041 0# - LANGUAGE CODE
Language code of text/sound track or separate title eng
110 2# - MAIN ENTRY--CORPORATE NAME
Corporate name or jurisdiction name as entry element Institute of Clerks of Works
9 (RLIN) 2671
245 ## - TITLE STATEMENT
Title Site Recorder
260 ## - PUBLICATION, DISTRIBUTION, ETC.
Place of publication, distribution, etc. Peterborough
Name of publisher, distributor, etc. Institute of Clerks of Works
Date of publication, distribution, etc. 2003-
362 0# - DATES OF PUBLICATION AND/OR SEQUENTIAL DESIGNATION
Dates of publication and/or sequential designation 120(1442) June 2003-
520 ## - SUMMARY, ETC.
Summary, etc. Kept for one year
554 ## -
-- 12 per year
651 #4 - SUBJECT ADDED ENTRY--GEOGRAPHIC NAME
Geographic name United Kingdom
Chronological subdivision
690 ## - LOCAL SUBJECT ADDED ENTRY--TOPICAL TERM (OCLC, RLIN)
Topical term or geographic name as entry element BUILT ENVIRONMENT
780 00 - PRECEDING ENTRY
Title On Site News
942 ## - ADDED ENTRY ELEMENTS (KOHA)
Suppress in OPAC 0
948 ## - LOCAL PROCESSING INFORMATION (OCLC); SERIES PART DESIGNATOR (RLIN)
c (OCLC) 16/02/1994
Holdings
Withdrawn status Lost status Source of classification or shelving scheme Damaged status Not for loan Home library Current library Shelving location Date acquired Total Checkouts Full call number Barcode Date last seen Price effective from Koha item type
    Dewey Decimal Classification     London London Gallery 14/06/2007   SITE RECORDER 99108-1001 06/08/2019 06/08/2019 Journal